000 00482nam a2200181Ia 4500
008 151018s9999 xx 000 0 und d
082 _bRBASDV7481
_a891.463
100 _aशिरीष पै
245 _aहृदयरंग
250 _b1
260 _bनीलकंठ
_c1971
300 _a148
600 _aशिरीष पै
630 _aहृदयरंग
700 _aशिरीष पै
730 _aहृदयरंग
942 _cBOOK
999 _c1009848
_d1009845